The last queens of Egypt /

محفوظ في:

المؤلف الرئيسي: Ashton, Sally-Ann (مؤلف)

التنسيق: كتاب

اللغة: English

منشور في: Harlow : Pearson/Longman, 2003.

الطبعة: 1st ed.

الموضوعات:

الوسوم: إضافة وسم

لا توجد وسوم, كن أول من يضع وسما على هذه التسجيلة!

رقم الطلب: DT92 .A87 2003

LEADER 00813nam a22002777a 4500
003 OSt
005 20260302094430.0
008 260302t2003 enkab b 001 0deng d
015 |a GBA2-U2341 
020 |a 0582772109 
040 |c ARCE Library 
042 |a pcc 
043 |a f-ua--- 
050 1 4 |a DT92  |b .A87 2003 
100 1 |a Ashton, Sally-Ann,  |e author 
245 1 4 |a The last queens of Egypt /  |c Sally-Ann Ashton. 
250 |a 1st ed. 
264 1 |a Harlow :  |b Pearson/Longman,  |c 2003. 
300 |a xv, 177 pages :  |b illustrations, map ;  |c 24 cm. 
504 |a Includes bibliographical references (pages 157-164) and index. 
600 3 0 |a Ptolemaic dynasty,  |d 305-30 B.C. 
650 0 |a Queens  |z Egypt  |v Biography. 
651 0 |a Egypt  |x History  |y 332-30 B.C. 
901 |a reviewed 
942 |c BK  |2 lcc 
999 |c 6155  |d 6155